Music Quiz

Random Music or Song Quiz

'California Dreamin' Lyrics Quiz Stats

 Plays Quiz Updated May 23, 2012

Also try: Bohemian Rhapsody
Challenge
Share
Tweet
Embed
Score 0/111 Timer 05:00
5 Plays Today
% Correct
a
98.6%
a
98.6%
a
98.6%
a
98.6%
a
98.6%
a
98.6%
a
98.6%
a
98.6%
I
97.7%
I
97.7%
I
97.7%
I
97.7%
I
97.7%
I
97.7%
the
96.2%
the
96.2%
the
96.2%
the
96.2%
the
96.2%
the
96.2%
the
96.2%
California
94.7%
California
94.6%
California
94.6%
on
94.5%
on
94.5%
on
94.5%
on
94.5%
on
94.5%
on
94.5%
dreamin'
94.4%
dreamin'
94.4%
and
94.2%
and
94.2%
And
94.2%
and
94.2%
day.
93.4%
% Correct
day.
93.4%
day.
93.4%
day.
93.4%
day. (3x)
93.4%
dreamin'
92.3%
is
90%
is
90%
winter's
89.8%
winter's
89.8%
winter's
89.8%
winter's
89.8%
winter's
89.8%
are
88%
are
88%
in
87%
All
86.1%
All
86.1%
sky
86.1%
sky
86.1%
grey.
85.9%
grey.
85.9%
be
85.8%
to
84.5%
leaves
83.8%
leaves
83.8%
brown
83.5%
brown,
83.5%
leave
81.2%
such
80.9%
such
80.9%
such
80.9%
for
78.9%
for
78.9%
walk
77%
walk
77%
my
75.5%
church
73.5%
% Correct
if
73.3%
If
73.3%
pray.
72.8%
down
72.1%
was
71.9%
knees.
71.1%
got
70.4%
way.
70.3%
L.A.
69.6%
along
67.3%
into
67.1%
warm
60.9%
He
60.9%
You
60.8%
safe
59.5%
passed
58.7%
Stopped
58.5%
I'd
58.5%
know
53.5%
preacher
53.1%
been
51.7%
been
51.7%
Well,
51.5%
I've
51.2%
I've
51.2%
could
49.8%
stay.
49.7%
I'm
48.2%
her,
46.9%
today.
46.5%
gonna
44.9%
pretend
41.3%
knows
41.2%
tell
41.1%
cold.
38.8%
didn't
38.4%
likes
36.7%

You're not logged in!

Compare scores with friends on all Sporcle quizzes.
OR
Log In

You Might Also Like...

Show Comments

Extras

Top Quizzes Today


Score Distribution

Your Account Isn't Verified!

In order to create a playlist on Sporcle, you need to verify the email address you used during registration. Go to your Sporcle Settings to finish the process.

Report this User

Report this user for behavior that violates our Community Guidelines.

Details: